Hỏi đáp về máy biến áp và cách vận hành /

Saved in:
Bibliographic Details
Main Author: Lê Yến.
Format: Book
Language:Vietnamese
Published: Hà Nội : Thanh niên, 2003.
Subjects:
Tags: Add Tag
No Tags, Be the first to tag this record!
Institutions: Mạng thư viện Đại học Đà Nẵng
LEADER 01057cam a2200337 a 4500
001 000044122
003 2370
005 20060322150345.0
008 010217b2003 vm 000 vie
020 |c 37500 
040 |a LRC  |c LRC  |d LRC 
041 0 |a vie 
082 1 4 |a 621.313  |b LÊ-Y 
100 1 |a Lê Yến. 
245 1 0 |a Hỏi đáp về máy biến áp và cách vận hành /  |c Lê Yến. 
260 |a Hà Nội :  |b Thanh niên,  |c 2003. 
300 |a 376 tr. ;  |c 19 cm. 
630 0 4 |a Máy biến áp. 
650 0 4 |a Máy biến áp  |x Vận hành. 
OWN |a DUT 
AVA |a UDN50  |b DUT  |c Book  |d 621.313 LÊ-Y  |e available  |t Error 5001 Not defined in file expand_doc_bib_avail.  |f 5  |g 0  |h N  |i 2  |j SH  |k 1 
999 |a From the UDN01 
AVA |a UDN50  |b DUT  |c Book  |d 621.313 LÊ-Y  |e available  |t Error 5001 Not defined in file expand_doc_bib_avail.  |f 5  |g 0  |h N  |i 2  |j SH  |k 1 
TYP |a Monograph 
TYP |a Printed language 
980 |a Mạng thư viện Đại học Đà Nẵng